Loading...
| Literature - American | 0 | 4 | 0 | 0 | 40 | 122 | 136.50 | 0 | 1 | 3.78 | 31.79 |
| Literature - British | 0 | 3 | 0 | 0 | 30 | 125 | 130.00 | 0 | 0 | 3.62 | 15.36 |
| Social Science | 0 | 2 | 0 | 0 | 20 | 94 | 105.00 | 1 | 2 | 2.39 | 12.23 |
| Literature - European | 0 | 2 | 0 | 0 | 20 | 109 | 115.00 | 0 | 1 | 4.47 | 18.57 |
| History - Ancient | 1 | 0 | 0 | 0 | 15 | 68 | 68.00 | 1 | 1 | 11.61 | 25.00 |
| Literature - World | 0 | 2 | 1 | 1 | 15 | 92 | 120.50 | 0 | 0 | 5.25 | 15.05 |
| Philosophy | 0 | 1 | 0 | 0 | 10 | 115 | 115.00 | 0 | 0 | 0.12 | 7.14 |
| Fine Arts - Other Arts | 0 | 1 | 0 | 0 | 10 | 84 | 84.00 | 0 | 0 | 5.40 | 5.36 |
| Science - Biology | 0 | 1 | 1 | 0 | 5 | 106 | 106.00 | 0 | 1 | 1.12 | 10.71 |
| History - World | 0 | 0 | 0 | 0 | 0 | 0.00 | 0 | 0 | 0.00 | 0.00 | |
| Science - Chemistry | 0 | 0 | 0 | 0 | 0 | 0.00 | 0 | 0 | 0.00 | 0.00 | |
| Auditory Arts | 0 | 0 | 0 | 0 | 0 | 0.00 | 0 | 0 | 0.00 | 0.00 | |
| History - American | 0 | 0 | 1 | 0 | -5 | 0.00 | 0 | 0 | 0.00 | 0.00 |